[Event "3. Open Bohumin 2020"]
[Site "Bohumin"]
[Date "2020.07.26"]
[Round "9.19"]
[White "Pekarek, Ales"]
[Black "Dziendziel, Mateusz"]
[Result "0-1"]
[WhiteElo "2277"]
[BlackElo "1768"]
[Annotator "TA"]
[PlyCount "132"]
[EventDate "2020.07.18"]
[EventType "swiss"]
[EventCountry "CZE"]
[SourceTitle "playchess.com"]
[Source "ChessBase"]
[SourceQuality "1"]

{[%evp 9,131,6,14,20,34,17,16,26,21,19,15,14,94,18,12,-18,-5,-42,-27,-156,-162,-150,-109,-167,-161,-256,-61,-82,-72,-62,-49,-93,-74,-77,-87,-82,-80,-138,-141,-126,-136,-152,-145,-212,-102,-313,-304,-318,-314,-325,-307,-362,-168,-157,0,-352,-317,-333,-325,-325,-314,-298,-309,-324,-327,-297,-288,-218,-244,-240,-172,-364,-362,-355,-350,-338,-318,-718,-725,-710,-686,-689,-652,-991,-899,-12411,-12754,-10028,-7602,-6070,-7951,-5732,-5716,-5608,-1802,-29985,-29986,-29986,-29987,-29987,-29988,-29988,-29989,-29990,-29991,-29992,-29993,-29993,-29993,-29994,-29994,-29994,-29994,-29994,-29995,-29995,-29995,-29995,-29996,-29997,-29998,-29998,-29999,-29999]} 1. e4 c5 2. c3 d5 3. exd5 Nf6 4. Nf3 Nxd5 5. d4 cxd4 6. Nxd4 {[#] B22: Sicilian: 2 c3.} g6 $146 ({Predecessor:} 6... e5 7. Nb5 Be6 8. Bc4 Na6 9. Qe2 Bc5 10. Qxe5 O-O 11. O-O Ne3 12. Bxe3 Bxc4 13. Bxc5 {0-1 (48) Shevchenko,D (2150)-Vetoshko,V (2498) Albena 2017}) 7. Bc4 Nb6 8. Bb3 {The position is equal.} Bg7 9. O-O O-O 10. Bg5 N8d7 (10... Nc6 $11 {remains equal.}) 11. Nd2 (11. Re1 $16 Nf6 12. Nd2) 11... Nc5 $11 12. Qf3 Nxb3 13. N2xb3 f6 14. Bh4 (14. Be3 $1 $11) 14... e5 $17 15. Nb5 Qe7 16. Rad1 (16. Rfd1 $17 {was necessary.}) 16... Be6 $19 17. Nd6 (17. Rfe1 $142) 17... Nc4 $2 (17... Rad8 $19 18. c4 Rxd6 19. Rxd6 Qxd6) 18. Qxb7 $15 Qxb7 19. Nxb7 g5 20. Bg3 Nxb2 21. Rd6 Bf5 22. f3 Rf7 $36 {[%mdl 2048] White is under strong pressure.} 23. N7a5 (23. N7c5 $142) 23... Bf8 24. Rd2 Na4 25. Rc1 Ba3 26. Re1 (26. Rf1 $17) 26... Nxc3 (26... Rc8 $19 {is more deadly.} 27. h4 gxh4 28. Bxh4 Nxc3) 27. Re3 $2 (27. Nc4 $17 Bb4 28. a3) 27... Rc8 $19 28. Bf2 Bb4 29. g4 Bg6 30. Kg2 Bb1 (30... Na4 $142 31. Rd5 Rc2 32. Rd8+ Rf8 33. Rxf8+ Kxf8) 31. Rb2 Bg6 $2 (31... f5 $17 32. Rxe5 Bd6) 32. Rd2 Rfc7 33. h4 h6 34. h5 Bb1 35. Rb2 {White hopes to continue with Rxc3!} Bxa2 36. Rxc3 Rxc3 37. Rxa2 Rc2 38. Rxc2 Rxc2 39. Kg3 Rc7 40. Kg2 $2 (40. Be3 {was forced.}) 40... Kf7 41. Kf1 Ke6 42. Ke2 Kd5 43. Kd3 $2 (43. Be3) 43... Rc3+ 44. Ke2 Rc2+ 45. Kf1 Rb2 46. Bxa7 Bxa5 47. Nxa5 Rb5 48. Be3 Rxa5 {[%mdl 4096] Endgame KR-KB} 49. Ke2 Ra2+ 50. Kd3 Ra3+ 51. Ke2 e4 52. f4 {[#]} Rxe3+ $1 {[%mdl 64] Remove Defender. Black mates.} 53. Kxe3 gxf4+ {[%mdl 64] Overworked Piece} 54. Kxf4 {K3P-KPP} Kd4 55. Kf5 e3 56. Kxf6 {KPP-KPP} e2 57. Kg6 e1=Q 58. Kxh6 Ke5 59. g5 {[#]} Qe3 $1 60. Kg6 Qe4+ 61. Kg7 {[#]} Qg4 $1 62. Kg6 Qf5+ 63. Kh6 Ke6 64. g6 Kf6 65. g7 Qg5+ {[%mdl 64] Double Attack} 66. Kh7 Qxg7# {Accuracy: White = 50%, Black = 75%.} 0-1

[Event "3. Open Bohumin 2020"]
[Site "Bohumin"]
[Date "2020.07.26"]
[Round "9.20"]
[White "Kersten, Julian"]
[Black "Obrochta, Lena"]
[Result "1/2-1/2"]
[WhiteElo "2005"]
[BlackElo "1761"]
[Annotator "TA"]
[PlyCount "78"]
[EventDate "2020.07.18"]
[EventType "swiss"]
[EventCountry "CZE"]
[SourceTitle "playchess.com"]
[Source "ChessBase"]
[SourceQuality "1"]

{[%evp 14,78,98,104,171,133,122,74,76,75,82,83,92,85,89,85,78,63,69,-25,20,0,58,24,45,0,98,96,89,15,27,27,20,22,20,0,0,0,0,0,0,0,0,0,0,0,0,-11,-11,-92,-80,-126,-44,-157,0,0,0,0,0,-20,-15,-20,-2,-44,-33,-37,-36]} 1. e4 c5 2. Nf3 e6 3. d4 cxd4 4. Nxd4 a6 5. Nc3 Qc7 6. Be2 Nf6 7. O-O b5 8. Bf3 Nc6 {B43: Sicilian: Kan Variation: 5 Nc3.} (8... Ra7 $16 {keeps fighting.}) 9. e5 $1 $18 Ng8 10. Bf4 {Black must now prevent Nxc6.} Bb7 {White is better.} 11. Nxc6 Bxc6 12. Ne4 {[#]} Rd8 $146 ({Predecessor:} 12... Rc8 13. Nd6+ Bxd6 14. exd6 Bxf3 15. Qxf3 Qc6 16. Qg3 Nf6 17. Be5 Kf8 18. Rae1 h5 {0-1 (61) Martemianov,I (2387)-Bargan,S (2327) Kishinev 2009}) 13. Nd6+ Bxd6 14. exd6 ({Of course not} 14. Qxd6 Qxd6 15. exd6 Bxf3 $15) 14... Qb7 15. Bxc6 Qxc6 16. Qg4 (16. Qd4 $14 Nf6 17. Bg5 Qxc2 18. Bxf6 gxf6 19. Qxf6) 16... Kf8 (16... Nf6 $5 {[%cal Rf6g4]} 17. Qg5 (17. Qxg7 $2 Rg8 $19) 17... O-O $11) 17. c3 f6 (17... h5 $11 18. Qh4 f6) 18. Rfd1 Kf7 19. Be3 g6 (19... h5 $11 {remains equal.} 20. Qe2 h4) 20. a4 $16 h5 21. Qd4 (21. axb5 $16 axb5 22. Qe2) 21... Nh6 $11 22. axb5 axb5 23. Bxh6 Rxh6 24. Ra7 h4 $1 25. Rc7 Qa8 $1 26. Qa7 (26. h3 {is interesting.} Rh5 27. Qf4 Rg5 28. f3 Kg7 29. Qe4) 26... Qxa7 27. Rxa7 {[%mdl 4096] Endgame KRR-KRR} Rh5 28. Kf1 Re5 29. Rd4 g5 30. Rb4 Rd5 31. Ra6 (31. Rd4 $11) 31... e5 32. Rb6 Ke6 (32... Rd1+ $17 33. Ke2 Rg1) 33. R4xb5 {[#]} (33. Ke2 $15) 33... Rxd6 $2 (33... Rd1+ $1 $17 34. Ke2 Rg1) 34. Rxd6+ Kxd6 $15 {KR-KR} 35. Rb6+ Ke7 36. c4 Rc8 37. b3 d6 38. Ke2 Ra8 39. Ke3 f5 {Black defended with fortune. Accuracy: White = 55%, Black = 74%.} 1/2-1/2